|
|
|
|
| LEADER |
00000nam0a2200000 4500 |
| 001 |
312868 |
| 005 |
20231102002528.0 |
| 035 |
|
|
|a (RuTPU)RU\TPU\book\338238
|
| 090 |
|
|
|a 312868
|
| 100 |
|
|
|a 20151229d1982 km y0rusy50 ca
|
| 101 |
0 |
|
|a rus
|
| 102 |
|
|
|a RU
|
| 105 |
|
|
|a a z 001zy
|
| 200 |
1 |
|
|a Ремонт электродвигателей атомных электростанций
|f Р. И. Соколов
|
| 210 |
|
|
|a Москва
|c Энергоиздат
|d 1982
|
| 215 |
|
|
|a 104 с.
|c ил.
|
| 225 |
1 |
|
|a Библиотека электромонтера
|v Вып. 537
|
| 320 |
|
|
|a Библиогр.: с. 101
|
| 606 |
1 |
|
|a Атомные электрические станции
|x Оборудование
|2 stltpush
|3 (RuTPU)RU\TPU\subj\29747
|9 53015
|
| 610 |
1 |
|
|a ремонт
|
| 610 |
1 |
|
|a электродвигатели
|
| 610 |
1 |
|
|a АЭС
|
| 610 |
1 |
|
|a конструкционные особенности
|
| 610 |
1 |
|
|a циркуляционные насосы
|
| 610 |
1 |
|
|a разборка
|
| 610 |
1 |
|
|a установка
|
| 610 |
1 |
|
|a регулировка
|
| 610 |
1 |
|
|a монтаж
|
| 610 |
1 |
|
|a короткозамкнутые роторы
|
| 610 |
1 |
|
|a сердечники
|
| 675 |
|
|
|a 621.311.25:621.039.002.5
|v 3
|
| 700 |
|
1 |
|a Соколов
|b Р. И.
|g Руслан Иванович
|
| 801 |
|
1 |
|a RU
|b 63413507
|c 20151229
|
| 801 |
|
2 |
|a RU
|b 63413507
|c 20191118
|g RCR
|
| 942 |
|
|
|c BK
|